000 00456nam a2200217Ia 4500
001 115793
003 YMCAF
005 20230512162725.0
008 120103s1972 ||||||||||||||||| ||und|d
024 _a115793
035 _a3658
040 _aYMCAF
_beng
_cIN-KoLT
041 _aeng
082 _a510
_bVIS
100 _aVISHVANATH
245 0 _aENGINEERING MATHEMATICS
250 _a-
260 _bSATYA
_c1972
300 _a599
942 _2ddc
_cBK
999 _c12845
_d12845